000 00869nam a2200253Ia 4500
003 OSt
005 20221005103801.0
006 a|||||r|||| 00| 0
007 ta
008 221004b |||||||| |||| 00| 0 hin d
024 _a34073
037 _cTextual
040 _aCRL
_cCRL
_bhin
041 _2hin
_ahin
082 _aO152,3N42,MU, P0
100 _aगौड़, वीरेन्द्र कुमार
245 0 _aमुक्तियुद्ध (उपन्यास)
246 _aMuktiyuddha (upanyāsa)
260 _aदिल्ली
_bआलोकपर्व प्रकाशन भारत
_c2000
300 _a224 पृ.
_ccm.
650 _aहिन्दी कहानी
942 _hO152,3N42,MU, P0
_cTEXL
_2cc
999 _c1010903
_d1010903